| 000 | 00409nam a2200085Ia 4500 | ||
|---|---|---|---|
| 008 | 180130s9999 xx 000 0 und d | ||
| 245 |
_cLaura K. Murray & Stephanie A. Skavenski _aInternational Settings |
||
| 300 | _aBook title: Trauma-focused CBT for children and adolescents : treatment applications--Acession number c20996; pages 225-252 | ||
| 650 | _aCOGNITIVE THERAPY, POST-TRAUMATIC STRESS DISORDER--TREATMENT, | ||
| 999 |
_c354617 _d354617 |
||